| 000 | 00860nam a2200253Ia 4500 | ||
|---|---|---|---|
| 001 | Para_3654 | ||
| 003 | CHAP | ||
| 008 | 220125s1913 xx 000 0 und d | ||
| 010 | _a202252 | ||
| 040 | _cCHAP | ||
| 082 | _aPA-C 595.77 D5 | ||
| 100 |
_aTothill, John D _9114356 |
||
| 245 |
_aA study in variation in the north american greenbottle flies of the genus Lucilia, with systematic notes on the species involved / _c by John D. Tothill |
||
| 500 | _aSobretiro de: Annals entomological society of America 6: 241-256, 1913 Encuadernado con impresos similares | ||
| 650 |
_aDÃpteros _933715 |
||
| 650 |
_aLucifolia _968884 |
||
| 901 | _aPA-C 595.77 D5 | ||
| 902 | _aA | ||
| 905 | _a0000001913 0000000000 00 | ||
| 910 | _a1913 | ||
| 942 | _cPARA | ||
| 942 |
_cPARA _d1 |
||
| 999 |
_c202252 _d202252 |
||